Normal view
MARC view
- الخوف من الكتابة-الكتابة-التجربة الكتابية
Entry Topical Term
001 - CONTROL NUMBER
- control field: 10775
003 - CONTROL NUMBER IDENTIFIER
- control field: JO-AjAnu
005 - DATE AND TIME OF LATEST TRANSACTION
- control field: 20230606072029.0
008 - FIXED-LENGTH DATA ELEMENTS
- fixed length control field: 230606|| aca||aabn | a|a d
040 ## - CATALOGING SOURCE
- Original cataloging agency: JO-AjAnu
- Transcribing agency: JO-AjAnu
150 ## - HEADING--TOPICAL TERM
- Topical term or geographic name entry element: الخوف من الكتابة-الكتابة-التجربة الكتابية
670 ## - SOURCE DATA FOUND
- Source citation: Work cat.: (JO-AjAnu)5547: طاهر,علاء تأليف, author 10774, الخوف من الكتابة: الحياة والتجربة الكتابية